|
|
|
|
| LEADER |
00742nam a22001811a 4500 |
| 020 |
|
|
|a 9780521446679
|
| 082 |
|
|
|a 182
|b LON/C
|
| 100 |
|
|
|a Long A A
|9 155027
|
| 245 |
|
|
|a The cambridge companion to early greek philosophy/
|c by Long A A
|
| 260 |
|
|
|a Cambridge:
|b Cambridge University Press,
|c 1999.
|
| 300 |
|
|
|a 427p.
|
| 650 |
|
|
|a Philosophy Greek
|9 155028
|
| 650 |
|
|
|a Philosophy
|9 155029
|
| 942 |
|
|
|c BK
|
| 942 |
|
|
|c BK
|
| 999 |
|
|
|c 6475
|d 6475
|
| 952 |
|
|
|0 0
|1 0
|4 0
|6 182_000000000000000_LON_C
|7 0
|9 9870
|a SSUS
|b SSUS
|d 2015-01-08
|g 695.00
|l 6
|o 182 LON/C
|p 016802
|r 2019-07-26
|s 2019-07-18
|v 0.00
|w 2015-01-08
|y BK
|
| 952 |
|
|
|0 0
|1 0
|4 0
|6 182_000000000000000_LON_C
|7 0
|9 9871
|a SSUS
|b SSUS
|d 2015-01-08
|g 695.00
|l 4
|o 182 LON/C
|p 027655
|r 2020-03-03
|s 2020-02-03
|v 0.00
|w 2015-01-08
|y BK
|